Lego Lord of the Rings Minifigures by Picture - Statistics

General Stats
  • This quiz has been taken 29 times
    27 since last reset
  • The average score is 27 of 42
Answer Stats
Picture Hint Answer % Correct
Aragorn
100%
Bilbo Baggins
100%
Boromir
96%
Frodo Baggins
96%
Gandalf
92%
Gimli
92%
Gollum
92%
Balrog
88%
Elrond
88%
Where these are from Mordor
83%
Mouth of Sauron
83%
Arwen
79%
Cave Troll
79%
Legolas
79%
Meriadoc Brandybuck
79%
Peregrin Took
79%
Saruman
79%
Eagle
75%
Samwise Gamgee
75%
Sauron
75%
Grima Wormtongue
67%
Ringwraith
63%
Treebeard
63%
Where they are from Rohan Soldier
58%
Shelob
58%
Theoden
58%
Eomer
54%
Gloin
50%
Haldir
50%
King of the Dead
50%
Uruk-Hai
50%
Lurtz
46%
Gothmog
42%
Where these are from Moria
42%
Rosie Cotton
42%
Soldier of the Dead
38%
Farmer Proudfoot
33%
Rivendell Elf
29%
Deagol
25%
Pirate of Umbar
25%
Mrs. Proudfoot
21%
Orc
21%
No matching quizzes found
Score Distribution
Percent of People with Each Score
Percentile by Number Answered
Your Score History
You have not taken this quiz since the last reset